000
00312nam a2200097Ia 4500
082
_a
323.0968 BADA
245
0
_a
The forgotten people : political banishment under apartheid
100
_a
Badat, Saleem Auckland Park, South Africa, 2012
_9
42073
942
_c
BK
008
210817s9999 xx 000 0 und d
999
_c
143337
_d
143336